| 000 | 00545nam a22001577a 4500 | ||
|---|---|---|---|
| 003 | macl | ||
| 005 | 20241024120458.0 | ||
| 008 | 241024b |||||||| |||| 00| 0 eng d | ||
| 040 | _cmacl | ||
| 082 | _a133.5 /PAR | ||
| 100 |
_aअम्बिका ,प्रसद पाराशर _982890 |
||
| 245 | _aलाल किताब | ||
| 260 |
_aनई दिल्ली _bवी एण्ड एस पब्लिकैशन _c2021 |
||
| 650 |
_aवैदिक ज्योतिष विज्ञान _982891 |
||
| 942 |
_2ddc _cHIN |
||
| 999 |
_c67607 _d67607 |
||